| Поле | Инд. | ПП | Название | Значение |
|---|---|---|---|---|
| Тип записи | a | |||
| Библиографический уровень | m | |||
| 001 | Контрольный номер | 28c6e49a14f54496b2bdb3981d85a1e1 | ||
| 005 | Дата корректировки | 20241113122537.1 | ||
| 020 | a | ISBN | 978-5-04-187838-2 | |
| c | Цена, тираж | 577-00 | ||
| 084 | a | Индекс другой классификации/Индекс ББК | 84.2 | |
| 090 | a | Полочн. индекс | 84.2 | |
| c | Каталожный индекс | 84.2 | ||
| x | Авторский знак | Г 21 | ||
| 091 | i | Возрастная адресация (DOS) | 6+ | |
| 097 | b | Оператор | Кондратьева | |
| 100 | 1_ | a | Автор | Гарсия Сабатес Б. |
| q | Полное имя | Гарсия Сабатес Берта | ||
| 245 | 10 | a | Заглавие | Мифы Древней Греции |
| b | Продолж. заглавия | Осознанное чтение для развития креативного мышления : [6+] | ||
| c | Ответственность | иллюстрации Ф. Ровиры ; перевод с английского М. Артёмовой | ||
| 260 | a | Место издания | Москва | |
| b | Издательство | Эксмо | ||
| c | Дата издания | 2024 | ||
| 300 | a | Объем | 80 с. | |
| b | Иллюстрации/ тип воспроизводства | ил. | ||
| 653 | 0_ | a | Ключевые слова | Мифология креативное мышление |
| 900 | a | Имя макрообъекта | о15629081 | |
| 901 | t | Тип документа | m |